Ako vybudovať portál

Príbeh dvoch mladých mužov, ktorí založili portál Refresher. Maturitný projekt. Sedem pravidiel Refresheru. Portál zameraný na mladých vo veku od 16 do 30 rokov. Podnikateľský model založený predovšetkým na partnerstvách s rôznymi komerčnými subjektmi.

Enregistré dans:
Détails bibliographiques
Auteur principal: Mravčák, Alexander
Format: Chapitre de livre
Langue:slovaque
Sujets:
Tags: Ajouter un tag
Pas de tags, Soyez le premier à ajouter un tag!

MARC

LEADER 00000naa a2200000 4500
001 0192488
005 20231113083203.7
041 0 |a slo 
044 |a SK 
245 1 0 |a Ako vybudovať portál  |c Alexander Mravčák 
520 |a Príbeh dvoch mladých mužov, ktorí založili portál Refresher. Maturitný projekt. Sedem pravidiel Refresheru. Portál zameraný na mladých vo veku od 16 do 30 rokov. Podnikateľský model založený predovšetkým na partnerstvách s rôznymi komerčnými subjektmi. 
610 2 0 |a podnikanie 
610 2 0 |a podnikatelia 
610 2 0 |a technológie informačné 
610 2 0 |a technológie komunikačné 
610 2 0 |a stránky webové 
610 2 0 |a mládež 
100 1 |a Mravčák, Alexander